000 00310nam a22001337a 4500
008 170614b xxu||||| |||| 00| 0 eng d
020 _a0813101646
041 _aeng
080 _a94
100 _a17
101 _aSHH
245 _aWAR IN THE MODERN GREAT POWER SYSTEM 1495-1975
_cLEVY,J.S
942 _2udc
_cBK
999 _c17349
_d17349